Η τρίτη διαθήκη
Αποθηκεύτηκε σε:
| Κύριος συγγραφέας: | |
|---|---|
| Μορφή: | Βιβλίο |
| Γλώσσα: | Greek |
| Δημοσίευση: |
Αθήνα-Πεντέλη :
[χ.ό.],
1996-2005
|
| Θέματα: | |
| Ετικέτες: |
Προσθήκη ετικέτας
Δεν υπάρχουν, Καταχωρήστε ετικέτα πρώτοι!
|
MARC
| LEADER | 00000cam a2200000 i 4500 | ||
|---|---|---|---|
| 001 | 1/8294 | ||
| 008 | 100610m19962005 gre d | ||
| 020 | |a 960-91553-6-7 | ||
| 035 | |l 10108198 | ||
| 040 | |a GR-MY-UA |b gre |e aacr | ||
| 041 | 0 | |a gre | |
| 082 | 0 | |a 230 |2 (22) | |
| 100 | 1 | |a Ψαρράκη-Γραμματά, Σοφία. | |
| 245 | 1 | 2 | |a Η τρίτη διαθήκη / |c Σοφία Ψαρράκη-Γραμματά |
| 260 | |a Αθήνα-Πεντέλη : |b [χ.ό.], |c 1996-2005 | ||
| 300 | |a 235 σ.; |c 25 εκ. | ||
| 650 | 0 | 0 | |a Christianity |x Miscellanea. |
| 650 | 0 | 0 | |a God (Christianity) |
| 650 | 0 | 0 | |a Theology. |
| 650 | 0 | 0 | |a Religion |x Philosophy. |
| 852 | |a INST |b CHIOS |e 20100610 |h 230 ΨΑΡ |p 005200029620 |q 005200029620 |t BK |y 0 | ||
| 852 | |a INST |b SAMOS |e 20120426 |h 230 ΨΑΡ |p 005300033876 |q 005300033876 |t BK |y 0 | ||
| 901 | |a BIBL3-2012-1 | ||
| 901 | |a BIBL2-2010-2 | ||
| 909 | |a Σ |b 172223 | ||
| 909 | |a Χ |b 148033 | ||
| 970 | |a ΣΑΛΑΜΟΥΡΑ |b ΜΑΡΙΑ |z 2010/06/10 | ||